Knižnično-informačné služby vo vysokoškolskom vzdelávaní

Miesto akademickej knižnice vo vysokoškolskom vzdelávaní. Základné aspekty ovplyvňujúce postavenie KIS (knižnično-informačné služby) vo vysokoškolskom vzdelávaní. Technologický aspekt KIS. Objektovo-subjektové vzťahy v KIS. Humanizácia KIS. Informačná výchova ako služba vzdelávaciemu procesu.

Salvato in:
Dettagli Bibliografici
Autore principale: Matthaeidesová, Marta
Natura: Capitolo di libro
Lingua:slovacco
Soggetti:
Tags: Aggiungi Tag
Nessun Tag, puoi essere il primo ad aggiungerne!!

MARC

LEADER 00000naa$a2200000$$$4500
001 0030890
005 20221207121821.9
041 0 |a slo 
044 |a SK 
245 1 0 |a Knižnično-informačné služby vo vysokoškolskom vzdelávaní  |c Marta Matthaeidesová 
520 |a Miesto akademickej knižnice vo vysokoškolskom vzdelávaní. Základné aspekty ovplyvňujúce postavenie KIS (knižnično-informačné služby) vo vysokoškolskom vzdelávaní. Technologický aspekt KIS. Objektovo-subjektové vzťahy v KIS. Humanizácia KIS. Informačná výchova ako služba vzdelávaciemu procesu. 
610 2 0 |a vzdelávanie vysokoškolské 
610 2 0 |a knižnice 
610 2 0 |a služby informačné 
610 2 0 |a technológie informačné 
610 2 0 |a komunikácia interpersonálna 
610 2 0 |a humanizácia práce 
100 1 |a Matthaeidesová, Marta